Liquidated damages - from Eden to dome (Record no. 74551)
[ view plain ]
| 000 -LEADER | |
|---|---|
| fixed length control field | 01562cab a2200229 4500 |
| 001 - CONTROL NUMBER | |
| control field | ABS68188 |
| 008 - FIXED-LENGTH DATA ELEMENTS--GENERAL INFORMATION | |
| fixed length control field | 040930n2004 000 0 eng u |
| 035 ## - SYSTEM CONTROL NUMBER | |
| System control number | (Sirsi) u127580 |
| 100 ## - MAIN ENTRY--PERSONAL NAME | |
| Personal name | Stokes, M. |
| 245 ## - TITLE STATEMENT | |
| Title | Liquidated damages - from Eden to dome |
| 260 ## - PUBLICATION, DISTRIBUTION, ETC. | |
| Date of publication, distribution, etc. | 2004 |
| 490 ## - SERIES STATEMENT | |
| Series statement | Construction Law Review |
| Volume/sequential designation | 2004, 31-32(2) |
| 520 ## - SUMMARY, ETC. | |
| Summary, etc. | Discusses "Bath and North East Somerset DC v Mowlem plc" ([2004] EWCA Civ 722, Abs67985), relating to the consideration of liquidated damages provisions in the context of an application for an interim injunction. Warns that situations can arise where contractors, when considering an optimistic employer specified contract period, include in their price some exposure to liquidated damages. This means, in effect, the contractor is treating the liquidated damages figure as an agreed price for its potential breach. Questions whether any delay entitles the employer to liquidated damages. Suggests issues arising over access can be met by ensuring critical access issues are defined in the contract, complete with appropriate sectional completion dates or contractual milestones and appropriate liquidated damages provisions. |
| 590 ## - LOCAL NOTE (RLIN) | |
| Local note | ABS |
| 650 ## - SUBJECT ADDED ENTRY--TOPICAL TERM | |
| Topical term or geographic name entry element | BATH AND NORTH EAST SOMERSET DC V MOWLEM PLC |
| 650 ## - SUBJECT ADDED ENTRY--TOPICAL TERM | |
| Topical term or geographic name entry element | LIQUIDATED DAMAGES |
| 650 ## - SUBJECT ADDED ENTRY--TOPICAL TERM | |
| Topical term or geographic name entry element | ASCERTAINED DAMAGES |
| 650 ## - SUBJECT ADDED ENTRY--TOPICAL TERM | |
| Topical term or geographic name entry element | BUILT ENVIRONMENT-BUILDING CONTRACT FORMS-STANDARD FORMS OF BUILDING CONTRACT-JOINT CONTRACTS TRIBNUAL CONTRACTS |
| 650 ## - SUBJECT ADDED ENTRY--TOPICAL TERM | |
| Topical term or geographic name entry element | INTERLOCUTORY INJUNCTIONS |
| 690 ## - LOCAL SUBJECT ADDED ENTRY--TOPICAL TERM (OCLC, RLIN) | |
| Topical term or geographic name as entry element | BUILT ENVIRONMENT-BUILDING CONTRACT FORMS |
| 942 ## - ADDED ENTRY ELEMENTS (KOHA) | |
| Suppress in OPAC | 0 |
| Withdrawn status | Lost status | Source of classification or shelving scheme | Damaged status | Not for loan | Home library | Current library | Shelving location | Date acquired | Total Checkouts | Full call number | Barcode | Date last seen | Copy number | Price effective from | Koha item type |
|---|---|---|---|---|---|---|---|---|---|---|---|---|---|---|---|
| Dewey Decimal Classification | London | London | Journal article | 30/09/2004 | ABS68188 | 127580-1001 | 06/08/2019 | 1 | 06/08/2019 | Journal article |